El aprendizaje a través de la indagación: docentes y alumnos diseñan juntos el currículo

Guardat en:
Dades bibliogràfiques
Autors principals: Short, Kathy G (Autor), Schroeder, Jean (Autor), Laird, Julie (Autor), Kauffman, Gloria (Autor), Ferguson, Margaret J (Autor), Crawford, Kathleen Marie (Autor)
Format: Llibre
Idioma:espanyol
Publicat: Barcelona Gedisa 1999
Col·lecció:Biblioteca de Educación
Matèries:
Etiquetes: Afegir etiqueta
Sense etiquetes, Sigues el primer a etiquetar aquest registre!

MARC

LEADER 00000nam a2200000 a 4500
001 UCO7064
003 CL-VaPUC
008 001110e19990000SP |||||||||||||||||spa|d
020 |a 8474327601 
082 0 4 |a 375  |b SHO  |2 21 
100 0 |a Short, Kathy G  |e author  |9 451712 
700 0 |a Schroeder, Jean  |e author  |9 451713 
700 0 |a Laird, Julie  |e author  |9 451714 
700 0 |a Kauffman, Gloria  |e author  |9 451715 
700 0 |a Ferguson, Margaret J  |e author  |9 451716 
700 0 |a Crawford, Kathleen Marie  |e author  |9 451717 
245 1 3 |a El aprendizaje a través de la indagación: docentes y alumnos diseñan juntos el currículo 
300 |a 271 p 
942 |c BK 
945 |d 20001110 00:00:00  |a rbrito 
260 |a Barcelona  |b Gedisa  |c 1999 
650 0 |a Currículo  |9 307290 
650 0 |a Investigación educacional   |9 261192 
650 0 |a Desarrollo curricular  |9 365285 
583 |a last modification  |c 20001110 00:00:00  |k Rodrigo Vera 
490 0 |a Biblioteca de Educación 
999 |c 292276  |d 292274 
952 |0 0  |1 0  |4 0  |6 375_000000000000000_SHO_1999  |7 0  |8 A  |9 343032  |a BIBEDU  |b BIBEDU  |d 2019-11-20  |i 3655717  |o 375 SHO 1999  |p 3655717  |r 2019-11-20  |w 2019-11-20  |y BK  |k BME 
952 |0 0  |1 0  |4 0  |6 375_000000000000000_SHO_1999  |7 0  |8 A  |9 343033  |a BIBEDU  |b BIBEDU  |d 2019-11-20  |i 4264568  |o 375 SHO 1999  |p 4264568  |r 2019-11-20  |w 2019-11-20  |y BK  |k EDU 
952 |0 0  |1 0  |4 0  |6 375_000000000000000_SHO_1999  |7 0  |8 A  |9 343034  |a BIBEDU  |b BIBEDU  |d 2019-11-20  |i 4515668  |o 375 SHO 1999  |p 4515668  |r 2019-11-20  |w 2019-11-20  |y BK  |k PSI